Mondattörténeti jegyzetek

Elmentve itt :
Bibliográfiai részletek
Szerző: Nyíri Antal
Dokumentumtípus: Cikk
Megjelent: 1972
Sorozat:Acta Universitatis Szegediensis : sectio linguistica = nyelvtudomány
Kulcsszavak:Magyar nyelvtörténet, Magyar nyelv - mondattan
Tárgyszavak:
Online Access:http://misc.bibl.u-szeged.hu/62437
LEADER 00797nab a2200229 i 4500
001 misc62437
005 20230202124816.0
008 221129s1972 hu o 0|| hun d
040 |a SZTE Miscellanea Repozitórium  |b hun 
041 |a hun 
100 1 |a Nyíri Antal 
245 1 0 |a Mondattörténeti jegyzetek  |h [elektronikus dokumentum] /  |c  Nyíri Antal 
260 |c 1972 
300 |a 119-122  |c 24 cm 
300 |a [4] p.  |c 24 cm 
490 0 |a Acta Universitatis Szegediensis : sectio linguistica = nyelvtudomány 
561 |a Németh Gyula hagyaték 
591 |a LOV 2656; NOU 4063 
650 4 |a Bölcsészettudományok 
650 4 |a Nyelvek és irodalom 
695 |a Magyar nyelvtörténet, Magyar nyelv - mondattan 
856 4 0 |u http://misc.bibl.u-szeged.hu/62437/1/4063_nou.pdf  |z Dokumentum-elérés